History Quiz

Random History or War Quiz
Score 0/10 Timer 05:00
0 Plays Today
% Correct
Switzerland
93.1%
Sweden
82.5%
Spain
77.2%
Portugal
70.3%
Ireland
55.7%
Vatican City
45.7%
Andorra
43.2%
Liechtenstein
39.5%
Afghanistan
20.4%
North Yemen
15.8%
Remove Ads.
Support Sporcle.
Get the best of Sporcle when you Go Orange. This ad-free experience offers more features, more stats, and more fun while also helping to support Sporcle. Thank you for becoming a member.

You're not logged in!

Compare scores with friends on all Sporcle quizzes.
OR
Log In

Show Comments

Extras

Top Quizzes Today


Score Distribution

Your Account Isn't Verified!

In order to create a playlist on Sporcle, you need to verify the email address you used during registration. Go to your Sporcle Settings to finish the process.

Report this User

Report this user for behavior that violates our Community Guidelines.

Details: